000 00529nam a2200193Ia 4500
005 20250508153248.0
008 008 250505s9999 xx 000 0 eng d
037 _aTextual
040 _aFEDL
_beng
_cFEDL
041 _aeng
_2eng
084 _a152.8, WIL
_qFEDL
100 _aWilson Margery
_9763556
245 0 _aKinetic psycho-Dynamics
260 _aEnglewood Cliffs
_b Prentice-Hall
_c1963
300 _a224p.
650 _aPsychometry
_9441581
942 _cTEXL
_h152.8, WIL
999 _c1341593
_d1341593